Horizontes de paz : el aporte de Costa Rica a la pacificación de América Central /

Збережено в:
Бібліографічні деталі
Автор: Arias Sánchez, Oscar, 1941-
Формат: Невідомо
Мова:Spanish
Опубліковано: San José, Costa Rica : Fundación Arias para la paz y el progreso humano, 1994.
Редагування:2 edición
Предмети:
Теги: Додати тег
Немає тегів, Будьте першим, хто поставить тег для цього запису!

MARC

LEADER 000000000a22000000004500
001 003642
020 |a 9977170177 
041 0 |a spa 
082 0 4 |a 341.1   |b A696h2 
100 1 |a Arias Sánchez, Oscar,   |d 1941-. 
245 1 0 |a Horizontes de paz :   |b el aporte de Costa Rica a la pacificación de América Central /   |c Oscar Arias Sánchez. 
250 |a 2 edición 
260 1 |a San José, Costa Rica :   |b Fundación Arias para la paz y el progreso humano,   |c 1994. 
300 |a 164 páginas 
650 4 |a CENTROAMERICA 
650 4 |a PAZ CENTROAMERICANA 
999 |c 10115  |d 10115 
942 |c BK  |h 341.1 A696h2  |2 z